00963nam a2200265Ia 4500003000400000005001700004008004100021020001500062040001800077041000800095082002000103100002800123245009600151250001200247260004500259300002600304650003400330650005000364650005300414650004000467700003200507942003000539999001900569952010900588OSt20220616105406.0210716s1972 xx 000 0 und d a0471219193 cAIMIT LIBRARY aeng a511.4221bDORW aDorn, William S.943254 aNumerical methods with fortran iv case studies /cBy William S Dorn and Daniel D McCracken. a1st ed. aNew York :bJohn Wiley and Sons ,c1972. axii,447p. ;c24.5 cm. aSolutions of equations943255 aNumerical instabilities and their cure943256 aNumerical differentiation and integration943257 aLeast squares approximations943258 aMcCracken, Daniel D.943259 2ddccBKe1stk511.42 DORW c180966d180966 001040708MCAaAIMITbAIMITd2021-07-16l0o511.42 DORWpMCA00474r2026-05-23 00:00:00w2021-07-16yBK